Dubstep - Easy - Statistics

General Stats
  • This quiz has been taken 64 times
  • The average score is 10 of 16
Answer Stats
Picture Answer % Correct
Skrillex
94%
Barely Alive
84%
Diesel
84%
Rezz
74%
Sullivan King
74%
Svdden Death
74%
Subtronics
70%
Black Tiger Sex Machine
66%
Excision
64%
Riot Ten
56%
Boogie T
54%
Zomboy
52%
Illenium
48%
Flux Pavilion
44%
Zeds Dead
38%
Borgore
32%
No matching quizzes found
Score Distribution
Percent of People with Each Score
Percentile by Number Answered
Your Score History
You have not taken this quiz